Learn Microsoft visual basic 6.0 now / (Record no. 62041)
[ view plain ]
| 000 -LEADER | |
|---|---|
| fixed length control field | 00538nam a22001457a 4500 |
| 005 - DATE AND TIME OF LATEST TRANSACTION | |
| control field | 20120206140837.0 |
| 020 ## - INTERNATIONAL STANDARD BOOK NUMBER | |
| International Standard Book Number | 8120317955 |
| Terms of availability | 495.00 |
| 035 ## - SYSTEM CONTROL NUMBER | |
| System control number | B-41341 |
| 100 ## - MAIN ENTRY--PERSONAL NAME | |
| Personal name | Halvorson, Michael |
| 245 ## - TITLE STATEMENT | |
| Title | Learn Microsoft visual basic 6.0 now / |
| Statement of responsibility, etc | by Michael Halvorson |
| 260 ## - PUBLICATION, DISTRIBUTION, ETC. (IMPRINT) | |
| Place of publication, distribution, etc | New Delhi |
| Name of publisher, distributor, etc | Prentice-Hall of India |
| Date of publication, distribution, etc | 2001 |
| 300 ## - PHYSICAL DESCRIPTION | |
| Extent | xi, 536p. |
| Dimensions | 22 cms. |
| 942 ## - ADDED ENTRY ELEMENTS (KOHA) | |
| Source of classification or shelving scheme | Dewey Decimal Classification |
| Item type | English Books |
| Classification part | 005.1 |
| Call number suffix | HAL |
| Withdrawn status | Lost status | Not for loan | Collection code | Home library | Current library | Date acquired | Cost, normal purchase price | Full call number | Barcode | Cost, replacement price | Koha item type |
|---|---|---|---|---|---|---|---|---|---|---|---|
| Non-fiction | Sarojini Nagar | Sarojini Nagar | 06/02/2012 | 495.00 | 005.1 HAL | B-41341 | 495.00 | English Books |
